| 000 | 00911nam a2200253 a 4500 | ||
|---|---|---|---|
| 008 | |||
| 020 | _a0073380962 (pbk.) | ||
| 049 | _aMAIN | ||
| 090 |
_aHF5415.13 _bPET |
||
| 100 | 1 | _aPeter, J. Paul. | |
| 245 | 1 | 0 |
_aA preface to marketing management / _cJ. Paul Peter and James H. Donnelly. |
| 250 | _a11th ed. | ||
| 260 |
_aBoston : _bMcGraw-Hill/Irwin, _c2008. |
||
| 300 |
_axix, 252 p. : _bill. ; _c26 cm. |
||
| 500 | _aIncludes Index. | ||
| 504 | _aIncludes bibliographical references. | ||
| 650 | 1 | _aMarketing - Management. | |
| 700 | _aDonnelly, James H. | ||
| 907 |
_a.b10286585 _b13-02-13 _c08-11-10 |
||
| 003 | |||
| 005 | 20230123125058.0 | ||
| 040 | _cNUST | ||
| 942 |
_cBOOKS _kHF5415.13 _mPET |
||
| 999 |
_c135375 _d135375 |
||